Frases de Los Simpson - Estadísticas

Estadísticas generales
  • Esta prueba ha sido intentada 91 veces
  • La puntuación promedio es 8 de 15
Estadísticas de respuestas
Frase Personaje % Correcto
¡Yuhuuu! ¡Soy universitario! Ya no necesito el diploma del insti, qué listo soy yo, qué listo soy yo, qué listo soy yo, L S T O, digo L I S T O Homer
99%
La policía solo sirve para mantener el status quo de las clases dominantes Lisa
88%
¡Tengo que salvarle! Si no nunca podre decirle “Ya te lo dije Marge
87%
Vive deprisa, muere joven y deja un cadáver obeso Bart
81%
El aliento de mi gato huele a comida de gato Ralph
70%
Le juro por los numerosos brazos de Vishnu que eso es mentira Apu
69%
¿Te acuerdas de Alf? ¡Ha vuelto! ¡Y en forma de chapas! Milhouse
69%
¿Cuánto cobran los extras de cine? Porque dicen que me parezco a Macaulay Culkin Moe
67%
Esa Ann Landers es una vieja petarda Ned Flanders
63%
Les atacaré donde no podáis protegerlos, ¡En sus sueños! Willie
41%
No ha acertado al bebé, no ha acertado al ciego... Jefe Wiggum
25%
¡¿Pero es que nadie va a pensar en los niños?! Helen Lovejoy
20%
Familia, amistad y religión, tres demonios a destruir si quieres triunfar en los negocios Sr. Burns
18%
Dicen que el alcohol borra la memoria… de lo demás no me acuerdo Burney
5%
Esta yegua no es mi vieja yegua gris, no es mi vieja yegua gris, no es mi vieja yegua gris... Asa, el anciano judío
4%
No se encontraron pruebas coincidentes
Distribución de puntuación
Porcentaje de gente con cada puntuación
Porcentaje por número respondido
Historial de tus puntuaciones
No has intentado esta prueba.